|
|
|
|
| LEADER |
01838nam a2200505 i 4500 |
| 001 |
nkc20213384380 |
| 003 |
CZ PrNK |
| 005 |
20220315104954.0 |
| 007 |
ta |
| 008 |
220111s2021 xr ab f 001 0 cze |
| 015 |
|
|
|a cnb003384380
|
| 020 |
|
|
|a 978-80-7508-727-0
|q (vázáno)
|
| 035 |
|
|
|a (OCoLC)1296107859
|
| 040 |
|
|
|a ABA001
|b cze
|e rda
|
| 041 |
1 |
|
|a cze
|h eng
|
| 072 |
|
7 |
|a 94(3)
|x Dějiny zemí starověkého světa
|2 Konspekt
|9 8
|
| 080 |
|
|
|a 323.1:316.356.4(3)
|2 MRF
|
| 080 |
|
|
|a 930.85
|2 MRF
|
| 080 |
|
|
|a 94(3)
|2 MRF
|
| 080 |
|
|
|a (048.8)
|2 MRF
|
| 100 |
1 |
|
|a Matyszak, Philip,
|d 1958-
|7 xx0092435
|4 aut
|
| 240 |
1 |
0 |
|a Forgotten peoples of the ancient world.
|l Česky
|
| 245 |
1 |
0 |
|a Zapomenuté národy starověkého světa /
|c Philip Matyszak ; přeložil: Petr Florian
|
| 250 |
|
|
|a I. vydání
|
| 264 |
|
1 |
|a Brno :
|b Lingea,
|c 2021
|
| 300 |
|
|
|a 288 stran :
|b ilustrace (převážně barevné), mapy ;
|c 25 cm
|
| 336 |
|
|
|a text
|b txt
|2 rdacontent
|
| 337 |
|
|
|a bez média
|b n
|2 rdamedia
|
| 338 |
|
|
|a svazek
|b nc
|2 rdacarrier
|
| 500 |
|
|
|a Přeloženo z angličtiny
|
| 504 |
|
|
|a Obsahuje bibliografii a rejstřík
|
| 650 |
0 |
7 |
|a starověké národy
|7 ph126033
|2 czenas
|
| 650 |
0 |
7 |
|a dějiny civilizace
|7 ph137927
|2 czenas
|
| 650 |
0 |
7 |
|a starověk
|7 ph126028
|x dějiny
|2 czenas
|
| 650 |
0 |
9 |
|a ancient nations
|2 eczenas
|
| 650 |
0 |
9 |
|a history of civilization
|2 eczenas
|
| 650 |
0 |
9 |
|a antiquity
|x history
|2 eczenas
|
| 655 |
|
7 |
|a monografie
|7 fd132842
|2 czenas
|
| 655 |
|
9 |
|a monographs
|2 eczenas
|
| 700 |
1 |
|
|a Florian, Petr
|7 xx0257134
|4 trl
|
| 910 |
2 |
|
|a BOA001
|b 2-1481.798
|
| 990 |
|
|
|a BK
|
| 995 |
|
|
|a 01
|
| 996 |
6 |
|
|b 2610895526
|c 2-1481.798
|l MZK
|r Sklad / do 1 hodiny
|n 0
|p p.v.
|w 001878832
|u 000010
|a 1
|e BOA001
|j MZK50
|s P
|
| 996 |
7 |
|
|b 2610895527
|c 2-1481.798
|l Vol.výběr
|r VV 1p
|n 10
|p p.v.
|h 94(3) MAT
|w 001878832
|u 000020
|a 0
|e BOA001
|j MZK50
|s A
|